Telecommunications reforms in Malaysia

Bibliographic Details
Main Author: Lee, C.
Format: Book
Published: Kuala Lumpur : Universiti Malaya , 2002
Subjects:

MARC

LEADER 00000cam a2200000 7i4500
001 0000017066
005 20061009.0
040 |a INS 
090 0 0 |a KK330 
100 1 |a Lee, C. 
245 1 0 |a Telecommunications reforms in Malaysia   |c C.Lee 
260 |a Kuala Lumpur :   |b Universiti Malaya ,   |c 2002 
300 |a 22ms ;   |c 29cm. 
650 0 0 |a Telecommunication   |z Malaysia 
999 |a KK00000745   |b BOOK   |c Project papers   |e Default branch